BUBT Library Online Catalog

Professional Ethics & Human Values / (Record no. 7228)

000 -LEADER
fixed length control field 00921nam a22002537a 4500
003 - CONTROL NUMBER IDENTIFIER
control field BUBTL
008 - FIXED-LENGTH DATA ELEMENTS--GENERAL INFORMATION
fixed length control field 240226b ||||| |||| 00| 0 eng d
020 ## - INTERNATIONAL STANDARD BOOK NUMBER
International Standard Book Number 9788120348165
041 ## - LANGUAGE CODE
Language code of text/sound track or separate title eng
082 ## - DEWEY DECIMAL CLASSIFICATION NUMBER
Classification number 174/ G7472p/ 2022
100 ## - MAIN ENTRY--PERSONAL NAME
9 (RLIN) 2095
Personal name Govindarajan, M
245 ## - TITLE STATEMENT
Title Professional Ethics & Human Values /
Statement of responsibility, etc. M. Govindarajan, S. Natarajan, V.S. Senthilkumar
250 ## - EDITION STATEMENT
Edition statement 1st ed.
260 ## - PUBLICATION, DISTRIBUTION, ETC. (IMPRINT)
Place of publication, distribution, etc. Delhi:
Name of publisher, distributor, etc. PHI Learning Private Limited,
Date of publication, distribution, etc. c2022
300 ## - PHYSICAL DESCRIPTION
Extent x, 132 p.:
Dimensions 24 p. :
500 ## - GENERAL NOTE
General note Includes Index
505 ## - FORMATTED CONTENTS NOTE
Formatted contents note Professional Ethics & Human Values, Human Values, Engineering Ethics, Engineering as Social Experimentation, Engineers' Responsibility for Safety and Risk, Responsibility and Rights
650 #0 - SUBJECT ADDED ENTRY--TOPICAL TERM
9 (RLIN) 5556
Topical term or geographic name as entry element Social Sciences
700 ## - ADDED ENTRY--PERSONAL NAME
9 (RLIN) 5680
Personal name Natarajan, S.
700 ## - ADDED ENTRY--PERSONAL NAME
9 (RLIN) 5692
Personal name Senthilkumar, V. S.
856 ## - ELECTRONIC LOCATION AND ACCESS
Password 0
Logon 0
Link text Download
942 ## - ADDED ENTRY ELEMENTS (KOHA)
Source of classification or shelving scheme
Koha item type Books
Holdings
Withdrawn status Lost status Source of classification or shelving scheme Damaged status Not for loan Collection code Permanent location Current location Shelving location Date acquired Source of acquisition Inventory number Total Checkouts Full call number Barcode Date last seen Copy number Price effective from Koha item type
        Not For Loan Non-fiction Bangladesh University of Business and Technology Library Bangladesh University of Business and Technology Library General Stacks 01/24/2024 Purchase 29970   174/ G7472p/ 2022 BUBTL-200329970 02/26/2024 C-1 02/26/2024 Books
        Not For Loan Non-fiction Bangladesh University of Business and Technology Library Bangladesh University of Business and Technology Library General Stacks 01/24/2024 Purchase 29971   174/ G7472p/ 2022 BUBTL-200329971 02/26/2024 C-2 02/26/2024 Books

More Information About Library

Library Hours

  • Open: 9.00 am. to 9.00 pm.
  • Only Sunday: 9.00 am. to 6.00 pm.
  • Closed: Holiday

Contact to the University

Bangladesh University of Business and Technology Library

  • Mirpurl-2, 1216.
  • Phone:
  • Fax:
  • E-Mail: admin.library@bubt.edu.bd

Contact to the Library

Contact Person:

Md. Abdul Hakim Shah
Joint Librarian
PABX No:  113
Cell No: 01816332931
E-mail: official: admin.library@bubt.edu.bd
Personal: hakim.shah@bubt.edu.bd


BUBT Library

Copyright © 2021